LEADER 00856nam0-22002651i-450- 001 990003473520403321 005 20060914160244.0 035 $a000347352 035 $aFED01000347352 035 $a(Aleph)000347352FED01 035 $a000347352 100 $a20030910d1988----km-y0itay50------ba 101 0 $aita 105 $ay-------001yy 200 1 $a<>scienza per l'amministrazione. Statisti ca e pubblici apparatitra età rivoluzionari a e restaurazione Vol.I 210 $aRoma$cCacucci$d1988 215 $a429 700 1$aSofia,$bFrancesca$0254234 801 0$aIT$bUNINA$gRICA$2UNIMARC 901 $aBK 912 $a990003473520403321 952 $aSE 097.06.20-$b2077$fDECSE 959 $aDECSE 996 $aScienza per l'amministrazione. Statisti ca e pubblici apparatitra età rivoluzionari a e restaurazione Vol.I$9495588 997 $aUNINA LEADER 01086nam--2200385---450- 001 990006002190203316 005 20150130102835.0 010 $a88-08-04945-9 035 $a000600219 035 $aUSA01000600219 035 $a(ALEPH)000600219USA01 035 $a000600219 100 $a20150130d1985----km-y0itay50------ba 101 $aita 102 $aIT 105 $a||||||||001yy 200 1 $aFondamenti di neurofisiologia$fa cura di Robert F. Schmidt 210 $aBologna$cZanichelli$d1985 215 $aVI, 290 p.$d24 cm 410 0$12001 454 1$12001 461 1$1001-------$12001 606 0 $aNeurofisiologia$2BNCF 676 $a573.8 700 1$aSCHMIDT,$bRobert F.$0101129 801 0$aIT$bsalbc$gISBD 912 $a990006002190203316 951 $a573.8 FON 1$b2185 Med.$c573.8 FON$d366527 959 $aBK 969 $aMED 979 $aFIORELLA$b90$c20150130$lUSA01$h1024 979 $aFIORELLA$b90$c20150130$lUSA01$h1026 979 $aFIORELLA$b90$c20150130$lUSA01$h1028 996 $aFondamenti di neurofisiologia$91078871 997 $aUNISA